书目信息 |
| 题名: |
区域经济增长论
|
|
| 作者: | 牛勤 著 | |
| 分册: | ||
| 出版信息: | 北京 光明日报出版社 2012 |
|
| 页数: | 223页 | |
| 开本: | 24cm | |
| 丛书名: | ||
| 单 册: | ||
| 中图分类: | F127.713 | |
| 科图分类: | ||
| 主题词: | 区域经济发展--研究--达州 , 区域经济发展 | |
| 电子资源: | ||
| ISBN: | 978-7-5112-2311-1 | |
| 000 | 00971nam0 22002531 450 | |
| 001 | 519 | |
| 005 | 20140908162714.78 | |
| 010 | @a978-7-5112-2311-1@dCNY47.00 | |
| 100 | @a20130418d2012 em y0chiy50 ea | |
| 101 | 0 | @achi |
| 102 | @aCN@b110000 | |
| 105 | @ay z 000yy | |
| 106 | @ar | |
| 200 | 1 | @a区域经济增长论@AQu Yu Jing Ji Zeng Chang Lun@e达州打造成渝经济区增长极研究@EDa Zhou Da Zao Cheng Yu Jing Ji Qu Zeng Chang Ji Yan Jiu@f牛勤著@FNiu Qin Zhu |
| 210 | @a北京@c光明日报出版社@d2012 | |
| 215 | @a223页@d24cm | |
| 330 | @a本书以达州经济发展为研究对象,以科学发展观为指导,对达州区域经济建设和发展的一系列重要问题进行比较全面、系统、深入的研究。 | |
| 517 | 1 | @a达州打造成渝经济区增长极研究@ADa Zhou Da Zao Cheng Yu Jing Ji Qu Zeng Chang Ji Yan Jiu |
| 606 | 0 | @a区域经济发展@x研究@y达州 |
| 606 | 0 | @a区域经济发展 |
| 690 | @aF127.713@v5 | |
| 701 | 0 | @a牛勤@ANiu Qin@f(1957~)@4著 |
| 801 | 0 | @aCN@bTANGWEI@c20140603 |
| 905 | @b0836610-12@dF127.713@e237@f3 | |
| 区域经济增长论:达州打造成渝经济区增长极研究/牛勤著.-北京:光明日报出版社,2012 |
| 223页;24cm |
| ISBN 978-7-5112-2311-1:CNY47.00 |
| 本书以达州经济发展为研究对象,以科学发展观为指导,对达州区域经济建设和发展的一系列重要问题进行比较全面、系统、深入的研究。 |
| ● |
| 相关链接 |
|
|
|
|
正题名:区域经济增长论
索取号:F127.713/237
 
预约/预借
| 序号 | 登录号 | 条形码 | 馆藏地/架位号 | 状态 | 备注 |
| 1 | 0836610 | 208366105 | 第一样本阅览室/ [索取号:F127.713/237] | 在馆 | |
| 2 | 0836611 | 208366114 | 密集书库-海洋学院/ [索取号:F127.713/237] | 在馆 | |
| 3 | 0836612 | 208366123 | 第一借阅区/ [索取号:F127.713/237] | 在馆 |